[Event "FRA-chT2 North 0809"]
[Site "France"]
[Date "2009.04.04"]
[Round "10.3"]
[White "Salgado Allaria, Carlos Fernando"]
[Black "Dumitran, Octavian"]
[Result "1/2-1/2"]
[WhiteElo "2366"]
[BlackElo "2263"]
[PlyCount "39"]
[EventDate "2008.10.19"]
[EventType "team-tourn"]
[EventRounds "11"]
[EventCountry "FRA"]
[SourceTitle "EXT 2010"]
[Source "ChessBase"]
[SourceDate "2010.11.25"]
[SourceVersion "1"]
[SourceVersionDate "2010.11.25"]
[SourceQuality "1"]
[WhiteTeam "Noyon II"]
[BlackTeam "Chess XV"]
[WhiteTeamCountry "FRA"]
[BlackTeamCountry "FRA"]

1. d4 d5 2. c4 c6 3. Nf3 Nf6 4. e3 a6 5. Bd3 b5 6. b3 Bg4 7. Nbd2 e6 8. Qc2 Nbd7 9. Bb2 Qb8 10. h3 Bh5 11. cxd5 cxd5 12. a4 bxa4 13. Rxa4 a5 14. Ne5 Bb4 15. Nc6 Qb7 16. Nxb4 axb4 17. Rxa8+ Qxa8 18. 0-0 Bg6 19. f3 Ke7 20. Rc1 1/2-1/2

[Event "FRA-chT2 North 0809"]
[Site "France"]
[Date "2009.03.15"]
[Round "9.5"]
[White "Dumitran, Octavian"]
[Black "Jaulin, Marc"]
[Result "0-1"]
[WhiteElo "2263"]
[BlackElo "2100"]
[PlyCount "81"]
[EventDate "2008.10.19"]
[EventType "team-tourn"]
[EventRounds "11"]
[EventCountry "FRA"]
[SourceTitle "EXT 2010"]
[Source "ChessBase"]
[SourceDate "2010.11.25"]
[SourceVersion "1"]
[SourceVersionDate "2010.11.25"]
[SourceQuality "1"]
[WhiteTeam "Chess XV"]
[BlackTeam "Cergy Pontoise"]
[WhiteTeamCountry "FRA"]
[BlackTeamCountry "FRA"]

1. Nf3 c5 2. c4 g6 3. d4 cxd4 4. Nxd4 Nc6 5. e4 Bg7 6. Be3 Nf6 7. Nc3 d6 8. Be2 0-0 9. 0-0 Nxd4 10. Bxd4 Bd7 11. Re1 Bc6 12. f3 a5 13. Qd2 Nd7 14. Be3 Nc5 15. Bd1 a4 16. Rb1 Qa5 17. Bc2 Rfc8 18. Bg5 Re8 19. Nd5 Qxd2 20. Bxd2 Bxd5 21. cxd5 Bd4+ 22. Kf1 Bf6 23. Be3 Rec8 24. Rec1 b5 25. Ke2 Kf8 26. Bd1 e6 27. dxe6 fxe6 28. Rc2 Rc7 29. Rd2 Kg7 30. Kf2 Nb7 31. Be2 b4 32. Bb5 a3 33. bxa3 Bc3 34. Rd3 Rxa3 35. Bg5 Kf7 36. g4 Rxa2+ 37. Kg3 Be5+ 38. f4 Bc3 39. h4 Ra5 40. h5 Rxb5 41. hxg6+ 0-1

[Event "FRA-chT2 North 0809"]
[Site "France"]
[Date "2009.02.08"]
[Round "7.3"]
[White "Large, Laurent"]
[Black "Dumitran, Octavian"]
[Result "1-0"]
[WhiteElo "2257"]
[BlackElo "2263"]
[PlyCount "74"]
[EventDate "2008.10.19"]
[EventType "team-tourn"]
[EventRounds "11"]
[EventCountry "FRA"]
[SourceTitle "EXT 2010"]
[Source "ChessBase"]
[SourceDate "2010.11.25"]
[SourceVersion "1"]
[SourceVersionDate "2010.11.25"]
[SourceQuality "1"]
[WhiteTeam "Le Vesinet"]
[BlackTeam "Chess XV"]
[WhiteTeamCountry "FRA"]
[BlackTeamCountry "FRA"]

1. d4 c5 2. e4 cxd4 3. c3 dxc3 4. Nxc3 Nc6 5. Nf3 e6 6. Bc4 Qc7 7. 0-0 Nf6 8. Bg5 Ne5 9. Bb3 Nfg4 10. Bf4 Qb8 11. Nxe5 Nxe5 12. Rc1 b5 13. Nxb5 Qxb5 14. Ba4 Qd3 15. Bxe5 Qxd1 16. Rfxd1 f6 17. Bf4 e5 18. Be3 Kd8 19. a3 Rb8 20. Rc2 a6 21. Rcd2 d6 22. b4 a5 23. bxa5 Bd7 24. Bxd7 Kxd7 25. Bc5 Kc7 26. Rxd6 Bxd6 27. Bxd6+ Kc6 28. Bxb8 Rxb8 29. g4 h5 30. Rc1+ Kd6 31. gxh5 Rb3 32. Rc8 Rxa3 33. Rg8 Rxa5 34. Rxg7 Ra8 35. h6 Ke6 36. h7 Rh8 37. Kg2 f5 1-0

[Event "FRA-chT1A 0607"]
[Site "France"]
[Date "2007.02.11"]
[Round "8.7"]
[White "Dumitran, Octavian"]
[Black "Aguettaz, Maxime"]
[Result "0-1"]
[WhiteElo "2269"]
[BlackElo "2329"]
[PlyCount "132"]
[EventDate "2006.10.15"]
[EventType "team-tourn"]
[EventRounds "11"]
[EventCountry "FRA"]
[SourceTitle "EXT 2008"]
[Source "ChessBase"]
[SourceDate "2007.11.25"]
[SourceVersion "1"]
[SourceVersionDate "2007.11.25"]
[SourceQuality "1"]
[WhiteTeam "Bois Colombes"]
[BlackTeam "Noyon"]
[WhiteTeamCountry "FRA"]
[BlackTeamCountry "FRA"]

1. Nf3 Nf6 2. c4 g6 3. Nc3 Bg7 4. e4 d6 5. d4 0-0 6. Be2 e5 7. Be3 Ng4 8. Bg5 f6 9. Bh4 h5 10. dxe5 Nxe5 11. Nxe5 dxe5 12. Qxd8 Rxd8 13. f4 exf4 14. Nd5 g5 15. 0-0-0 Rxd5 16. Rxd5 Nc6 17. Bf2 Be6 18. Rb5 b6 19. h4 a6 20. Rd5 g4 21. Rxh5 Kf7 22. Rd1 Kg6 23. Rhd5 Bxd5 24. cxd5 Ne5 25. d6 c5 26. b4 f3 27. gxf3 gxf3 28. Rg1+ Kf7 29. Bf1 Rd8 30. bxc5 bxc5 31. Kc2 Rxd6 32. Be3 a5 33. h5 f5 34. exf5 Bh6 35. Bxh6 Rxh6 36. Kb3 Rxh5 37. Ka4 Rxf5 38. Kxa5 f2 39. Rh1 Rf4 40. Kb5 c4 41. Kb4 Ke6 42. Kc3 Kd5 43. Bg2+ Kc5 44. Rh5 Rf3+ 45. Bxf3 f1Q 46. Rxe5+ Kd6 47. Re3 Qf2 48. Kd4 Qd2+ 49. Ke4 Qxa2 50. Re2 Qb1+ 51. Ke3 Qd3+ 52. Kf2 c3 53. Be4 Qd4+ 54. Kf3 Qf6+ 55. Ke3 Kc5 56. Bc2 Kc4 57. Bd3+ Kd5 58. Bc2 Qf1 59. Be4+ Ke5 60. Bc2 Qf4+ 61. Kd3+ Kd5 62. Bb3+ Kc5 63. Ra2 Qd4+ 64. Kc2 Qd2+ 65. Kb1 Qd3+ 66. Rc2 Kb4 0-1

[Event "FRA-chT1A 0607"]
[Site "France"]
[Date "2007.02.10"]
[Round "7.3"]
[White "Julve, Philippe"]
[Black "Dumitran, Octavian"]
[Result "0-1"]
[WhiteElo "2236"]
[BlackElo "2269"]
[PlyCount "56"]
[EventDate "2006.10.15"]
[EventType "team-tourn"]
[EventRounds "11"]
[EventCountry "FRA"]
[SourceTitle "EXT 2008"]
[Source "ChessBase"]
[SourceDate "2007.11.25"]
[SourceVersion "1"]
[SourceVersionDate "2007.11.25"]
[SourceQuality "1"]
[WhiteTeam "Lille"]
[BlackTeam "Bois Colombes"]
[WhiteTeamCountry "FRA"]
[BlackTeamCountry "FRA"]

1. d4 Nf6 2. c4 c6 3. Nc3 d5 4. Nf3 a6 5. c5 g6 6. Bf4 Bg7 7. e3 0-0 8. h3 Nbd7 9. b4 Ne4 10. Rc1 Nxc3 11. Rxc3 b6 12. cxb6 Qxb6 13. Qa4 a5 14. Rb3 Ba6 15. bxa5 Qa7 16. Ra3 Rfc8 17. g4 Bf8 18. Rc3 Bb5 19. Qb3 Qxa5 20. Nd2 Ba4 21. Qb2 c5 22. Bg2 cxd4 23. Rxc8 Rxc8 24. exd4 Rc2 25. Qb7 Bb5 26. Kd1 Qa4 27. Qxd5 Rc3+ 28. Nb3 Bc6 0-1

[Event "FRA-chT N1"]
[Site "France"]
[Date "2005.05.05"]
[Round "8.4"]
[White "Munschi, Serge"]
[Black "Dumitran, Octavian"]
[Result "0-1"]
[WhiteElo "2306"]
[BlackElo "2298"]
[PlyCount "73"]
[EventDate "2005.05.05"]
[EventType "team"]
[EventRounds "11"]
[EventCountry "FRA"]
[SourceTitle "EXT 2006"]
[Source "ChessBase"]
[SourceDate "2005.11.24"]
[SourceVersion "1"]
[SourceVersionDate "2005.11.24"]
[SourceQuality "1"]

1. d4 d5 2. Nf3 c6 3. c4 Nf6 4. e3 a6 5. Bd3 dxc4 6. Bxc4 b5 7. Bd3 e6 8. a4 b4 9. 0-0 c5 10. Nbd2 Bb7 11. Nc4 Nbd7 12. Qe2 Be7 13. Nce5 Nxe5 14. dxe5 Nd7 15. Rd1 Qb8 16. b3 Bd8 17. Bb2 Bc7 18. Ng5 Bxe5 19. Bxe5 Qxe5 20. Qh5 0-0-0 21. Qh4 Rhf8 22. Rac1 h6 23. Nf3 Qc7 24. Be4 Nf6 25. Bxb7+ Kxb7 26. Qc4 Rxd1+ 27. Rxd1 Rd8 28. Rc1 Qd6 29. h3 Qd5 30. Qxc5 Qxc5 31. Rxc5 Rd1+ 32. Kh2 Rd3 33. Nd4 Ne4 34. Rc4 a5 35. Nb5 e5 36. Kg1 Kb6 37. Rc7 0-1

[Event "FRA-chT2 0304"]
[Site "France"]
[Date "2004.02.01"]
[Round "7"]
[White "Sanchez, Louis"]
[Black "Dumitran, Octavian"]
[Result "1-0"]
[WhiteElo "2239"]
[BlackElo "2295"]
[PlyCount "59"]
[EventDate "2003.10.??"]
[EventType "team"]
[EventRounds "11"]
[EventCountry "FRA"]
[SourceTitle "EXT 2005"]
[Source "ChessBase"]
[SourceDate "2004.11.15"]
[SourceVersion "1"]
[SourceVersionDate "2004.11.15"]
[SourceQuality "1"]

1. e4 c5 2. Nf3 e6 3. d4 cxd4 4. Nxd4 Nc6 5. Nc3 Qc7 6. Be3 a6 7. Qd2 Nf6 8. 0-0-0 Bb4 9. f3 Ne7 10. Nde2 d5 11. Bg5 dxe4 12. Bxf6 gxf6 13. Qd4 Bxc3 14. Nxc3 Qf4+ 15. Kb1 Nc6 16. Qa4 0-0 17. Nxe4 Kg7 18. Qa3 f5 19. g3 Qe5 20. Ng5 Rd8 21. Bc4 Rxd1+ 22. Rxd1 b5 23. f4 b4 24. Qf3 Qc7 25. g4 h6 26. Nxf7 fxg4 27. Qxg4+ Kxf7 28. f5 Ne5 29. fxe6+ Kf8 30. e7+ 1-0

[Event "FRA-chT2 0304"]
[Site "France"]
[Date "2004.01.17"]
[Round "5"]
[White "Sinkovics, Peter"]
[Black "Dumitran, Octavian"]
[Result "1/2-1/2"]
[WhiteElo "2322"]
[BlackElo "2295"]
[PlyCount "98"]
[EventDate "2003.10.??"]
[EventType "team"]
[EventRounds "11"]
[EventCountry "FRA"]
[SourceTitle "EXT 2005"]
[Source "ChessBase"]
[SourceDate "2004.11.15"]
[SourceVersion "1"]
[SourceVersionDate "2004.11.15"]
[SourceQuality "1"]

1. d4 d5 2. c4 c6 3. e3 Nf6 4. Nc3 a6 5. Nf3 Bg4 6. h3 Bxf3 7. Qxf3 e6 8. Bd2 b5 9. b3 Nbd7 10. Bd3 bxc4 11. bxc4 dxc4 12. Bxc4 c5 13. 0-0 Be7 14. Qe2 cxd4 15. exd4 Nb8 16. Rad1 0-0 17. Bg5 Ra7 18. Rd3 Rc7 19. Bb3 Qc8 20. Bxf6 Bxf6 21. Ne4 Be7 22. d5 exd5 23. Rxd5 Rc1 24. Rxc1 Qxc1+ 25. Rd1 Qc7 26. g3 a5 27. h4 Nd7 28. Qb5 Nc5 29. Rc1 Rc8 30. Rc2 h6 31. Kh2 Bf8 32. Nxc5 Bxc5 33. Rc3 Qa7 34. Rf3 Rf8 35. Rf5 Bb4 36. Kg2 Qe7 37. Qd5 g6 38. Rf3 h5 39. Re3 Qf6 40. Re4 Kg7 41. Rf4 Qe7 42. Qd4+ Kh7 43. Rf6 Bc5 44. Qf4 Kg7 45. Rc6 Bb4 46. Bd5 Rd8 47. Qd4+ Kh7 48. Qc4 Rd7 49. Rc8 Qf6 1/2-1/2

[Event "FRA-chT2 0304"]
[Site "France"]
[Date "2003.11.15"]
[Round "2"]
[White "Dumitran, Octavian"]
[Black "Laplanche, Denis"]
[Result "1-0"]
[WhiteElo "2295"]
[BlackElo "2139"]
[PlyCount "95"]
[EventDate "2003.10.??"]
[EventType "team"]
[EventRounds "11"]
[EventCountry "FRA"]
[SourceTitle "EXT 2005"]
[Source "ChessBase"]
[SourceDate "2004.11.15"]
[SourceVersion "1"]
[SourceVersionDate "2004.11.15"]
[SourceQuality "1"]
[WhiteTeam "Bois Colombes"]
[BlackTeam "Caen Alekhine"]
[WhiteTeamCountry "FRA"]
[BlackTeamCountry "FRA"]

1. Nf3 Nf6 2. c4 e6 3. d4 Bb4+ 4. Bd2 a5 5. Qc2 d5 6. a3 Be7 7. Nc3 0-0 8. e4 dxe4 9. Nxe4 Nxe4 10. Qxe4 Nd7 11. Bd3 f5 12. Qxe6+ Kh8 13. Qe2 c5 14. d5 Bf6 15. 0-0 Re8 16. Qd1 Bxb2 17. Ra2 Bf6 18. Bxf5 Ne5 19. Nxe5 Bxe5 20. Bd3 Qh4 21. g3 Qh3 22. Re1 Bg4 23. Be2 Bd7 24. Bf1 Qf5 25. Qb3 Qf6 26. Qxb7 Bd4 27. Rxe8+ Rxe8 28. Bxa5 Rf8 29. Be1 Bg4 30. a4 h5 31. h3 Qe5 32. hxg4 Qxe1 33. Re2 Qc3 34. d6 Qxg3+ 35. Qg2 Qxd6 36. gxh5 Qf4 37. a5 Qh6 38. Ra2 Qa6 39. Bd3 g5 40. hxg6 Kg7 41. Qh3 Rh8 42. Qd7+ Kh6 43. Kg2 Qf6 44. Qf5 Qa6 45. f4 Qb7+ 46. Kg3 Kg7 47. a6 Qe7 48. Qf7+ 1-0

[Event "FRA-chT2S 0203"]
[Site "France"]
[Date "2002.12.08"]
[Round "4.3"]
[White "Dumitran, Octavian"]
[Black "Lemeaux, David"]
[Result "1-0"]
[WhiteElo "2308"]
[BlackElo "2167"]
[PlyCount "129"]
[EventDate "2002.10.??"]
[EventType "team"]
[EventRounds "11"]
[EventCountry "FRA"]
[SourceTitle "EXT 2004"]
[Source "ChessBase"]
[SourceDate "2003.11.25"]
[SourceVersion "1"]
[SourceVersionDate "2003.11.25"]
[SourceQuality "1"]
[WhiteTeam "Bois Colombes"]
[BlackTeam "Arras"]
[WhiteTeamCountry "FRA"]
[BlackTeamCountry "FRA"]

1. Nf3 Nf6 2. c4 g6 3. Nc3 Bg7 4. e4 d6 5. d4 0-0 6. Be2 e5 7. Be3 Ng4 8. Bg5 f6 9. Bh4 Nc6 10. d5 Ne7 11. Nd2 Nh6 12. f3 g5 13. Bf2 f5 14. c5 Ng6 15. g3 g4 16. fxg4 Nxg4 17. Bxg4 fxg4 18. Be3 b6 19. cxd6 Nh4 20. Qe2 Nf3+ 21. Nxf3 gxf3 22. dxc7 Qxc7 23. Qd3 Bh3 24. Kf2 Bg2 25. Rhc1 Qd7 26. Kg1 Qh3 27. Nd1 Bh1 28. Qf1 Bg2 29. Qf2 Rf6 30. Rc6 Rxc6 31. dxc6 Qe6 32. Qc2 Rc8 33. Rc1 Qxa2 34. Nf2 Qe6 35. b4 Rc7 36. b5 Bf6 37. Nd3 h5 38. Ne1 Bh3 39. Qc4 Kf8 40. Qxe6 Bxe6 41. Nxf3 Bb3 42. Nd2 Bf7 43. Nb1 Ke7 44. Nc3 Bc4 45. Rd1 Ke6 46. Kg2 Be7 47. Nd5 Rc8 48. Bxb6 Bxb5 49. Nc7+ Rxc7 50. Bxc7 Bxc6 51. Kf3 a6 52. h3 Bb4 53. Ra1 Bb5 54. Ba5 Be7 55. g4 hxg4+ 56. hxg4 Bg5 57. Bb6 Kf7 58. Be3 Be7 59. Bd2 Kg6 60. Rh1 Bf8 61. Rh5 Ba4 62. Rxe5 Bd1+ 63. Kg2 Kg7 64. Ra5 Bxg4 65. Rg5+ 1-0

[Event "FRA-chT2S 0203"]
[Site "France"]
[Date "2002.11.17"]
[Round "3.1"]
[White "Murey, Jacob"]
[Black "Dumitran, Octavian"]
[Result "1/2-1/2"]
[WhiteElo "2487"]
[BlackElo "2308"]
[PlyCount "33"]
[EventDate "2002.10.??"]
[EventType "team"]
[EventRounds "11"]
[EventCountry "FRA"]
[SourceTitle "EXT 2004"]
[Source "ChessBase"]
[SourceDate "2003.11.25"]
[SourceVersion "1"]
[SourceVersionDate "2003.11.25"]
[SourceQuality "1"]
[WhiteTeam "Cergy Pontoise"]
[BlackTeam "Bois Colombes"]
[WhiteTeamCountry "FRA"]
[BlackTeamCountry "FRA"]

1. e4 c5 2. Nc3 e6 3. Nge2 Nc6 4. g3 Be7 5. Bg2 Bf6 6. 0-0 Nge7 7. Nb5 d5 8. d4 cxd4 9. exd5 exd5 10. Bf4 0-0 11. Qd2 Bf5 12. Nexd4 Nxd4 13. Nxd4 Bxd4 14. Qxd4 Bxc2 15. Qe5 Bf5 16. Rfd1 Be6 17. Qd6 1/2-1/2

[Event "FRA-chT2"]
[Site "France"]
[Date "2002.03.10"]
[Round "9"]
[White "Winants, Luc"]
[Black "Dumitran, Octavian"]
[Result "1-0"]
[WhiteElo "2488"]
[BlackElo "2294"]
[PlyCount "49"]
[EventDate "2002.??.??"]
[EventType "team"]
[EventRounds "11"]
[EventCountry "FRA"]
[SourceTitle "EXT 2003"]
[Source "ChessBase"]
[SourceDate "2002.11.25"]
[SourceVersion "1"]
[SourceVersionDate "2002.11.25"]
[SourceQuality "1"]
[WhiteTeam "Cappelle la Grande"]
[BlackTeam "Bois Colombes"]
[WhiteTeamCountry "FRA"]
[BlackTeamCountry "FRA"]

1. d4 d5 2. c4 c6 3. Nc3 Nf6 4. e3 e6 5. Nf3 Nbd7 6. Bd3 Bd6 7. e4 dxe4 8. Nxe4 Nxe4 9. Bxe4 Nf6 10. Bc2 Bb4+ 11. Bd2 Qb6 12. 0-0 Bxd2 13. Qxd2 0-0 14. c5 Qc7 15. Ne5 Re8 16. Rfe1 Re7 17. Re3 Bd7 18. Rg3 g6 19. Qh6 Be8 20. Rh3 Qd8 21. Rd1 Rc7 22. g4 Qd5 23. g5 Nd7 24. Qxh7+ Kf8 25. Nxd7+ 1-0

[Event "FRA-chT 9900"]
[Site "France"]
[Date "2000.04.30"]
[Round "10.3"]
[White "Bergez, Luc"]
[Black "Dumitran, Octavian"]
[Result "1-0"]
[WhiteElo "2424"]
[BlackElo "2296"]
[PlyCount "121"]
[EventDate "1999.02.04"]
[EventType "team"]
[EventRounds "11"]
[EventCountry "FRA"]
[SourceTitle "EXT 2001"]
[Source "ChessBase"]
[SourceDate "2000.11.22"]
[SourceVersion "1"]
[SourceVersionDate "2000.11.22"]
[SourceQuality "1"]

1. e4 c5 2. Nf3 e6 3. b3 Nc6 4. Bb2 Nf6 5. e5 Nd5 6. g3 Be7 7. Bg2 0-0 8. 0-0 f6 9. c4 Nc7 10. d4 cxd4 11. exf6 Bxf6 12. Nxd4 d5 13. cxd5 exd5 14. Na3 Ne6 15. Nxe6 Bxe6 16. Bxf6 Qxf6 17. Bxd5 Rad8 18. Bxe6+ Qxe6 19. Qe1 Qxe1 20. Rfxe1 Rd2 21. Rf1 g5 22. Nc4 Re2 23. a4 Nd4 24. Rad1 Nxb3 25. Rd5 h6 26. Rb5 Nd4 27. Rxb7 Nf3+ 28. Kh1 Re4 29. Rc7 Rxc4 30. Rxc4 Nd2 31. Rcc1 Nxf1 32. Rxf1 Rf3 33. Kg2 Ra3 34. f4 Rxa4 35. Kf3 gxf4 36. gxf4 Kf7 37. Rc1 Ra2 38. h4 a5 39. Kg4 Rg2+ 40. Kf5 Rh2 41. Rc7+ Ke8 42. Kg4 Rg2+ 43. Kf3 Rg6 44. Ra7 Kf8 45. Rxa5 Kg7 46. Ra7+ Kg8 47. Ke4 Rb6 48. Rd7 Rb5 49. f5 Rb4+ 50. Ke5 Kf8 51. Ke6 Re4+ 52. Kf6 Ke8 53. Rh7 Rxh4 54. Rh8+ Kd7 55. Kg6 Rg4+ 56. Kf7 Rf4 57. f6 Rf1 58. Rxh6 Rf2 59. Rh1 Kd6 60. Rd1+ Kc5 61. Ke7 1-0

[Event "FRA-chT 9900"]
[Site "France"]
[Date "2000.04.29"]
[Round "8.3"]
[White "Hauchard, Arnaud"]
[Black "Dumitran, Octavian"]
[Result "1-0"]
[WhiteElo "2501"]
[BlackElo "2296"]
[PlyCount "89"]
[EventDate "1999.02.04"]
[EventType "team"]
[EventRounds "11"]
[EventCountry "FRA"]
[SourceTitle "EXT 2001"]
[Source "ChessBase"]
[SourceDate "2000.11.22"]
[SourceVersion "1"]
[SourceVersionDate "2000.11.22"]
[SourceQuality "1"]

1. c4 Nf6 2. Nc3 e5 3. Nf3 Nc6 4. a3 d5 5. cxd5 Nxd5 6. e4 Nxc3 7. bxc3 Bd6 8. d4 0-0 9. Be2 Qe7 10. d5 Nb8 11. 0-0 Nd7 12. Qc2 Nc5 13. Bg5 Qe8 14. Nd2 Bd7 15. Be3 Ba4 16. Qb1 b6 17. Bd1 Bb5 18. c4 Bd7 19. Nb3 Nb7 20. Be2 Ba4 21. Nc1 Qe7 22. Nd3 Bd7 23. Qb3 a5 24. Rfc1 a4 25. Qc3 Ra5 26. Qb2 f5 27. Bf3 f4 28. Bd2 Nc5 29. Nxc5 Bxc5 30. Bc3 Re8 31. Bxa5 bxa5 32. Qc3 Ra8 33. Ra2 Bd4 34. Qd3 g6 35. Rb1 h5 36. Bd1 Kg7 37. Rb7 Bc8 38. Rb1 Bd7 39. Rb7 Bc8 40. Rb1 Bd7 41. c5 Bxc5 42. Qc4 Bd6 43. Bxa4 g5 44. Bxd7 Qxd7 45. a4 1-0

[Event "FRA-chT 9900"]
[Site "France"]
[Date "2000.03.30"]
[Round "4.3"]
[White "Dumitran, Octavian"]
[Black "Flear, Glenn C"]
[Result "1/2-1/2"]
[WhiteElo "2296"]
[BlackElo "2519"]
[PlyCount "48"]
[EventDate "1999.02.04"]
[EventType "team"]
[EventRounds "11"]
[EventCountry "FRA"]
[SourceTitle "EXT 2001"]
[Source "ChessBase"]
[SourceDate "2000.11.22"]
[SourceVersion "1"]
[SourceVersionDate "2000.11.22"]
[SourceQuality "1"]

1. Nf3 d5 2. d4 Nf6 3. c4 dxc4 4. e3 e6 5. Bxc4 c5 6. 0-0 a6 7. dxc5 Qxd1 8. Rxd1 Bxc5 9. a3 b5 10. Be2 Ke7 11. b4 Bd6 12. Bb2 Bb7 13. Nbd2 Nbd7 14. Nb3 Rhc8 15. Rac1 Bd5 16. Na5 e5 17. Nd2 Nb6 18. Bf3 Rxc1 19. Rxc1 Rc8 20. Rxc8 Nxc8 21. Nc6+ Ke6 22. Nd8+ Ke7 23. Nc6+ Ke6 24. Nd8+ Ke7 1/2-1/2

[Event "FRA-chT 9900"]
[Site "France"]
[Date "2000.02.04"]
[Round "1.3"]
[White "Rechlis, Gad"]
[Black "Dumitran, Octavian"]
[Result "1-0"]
[WhiteElo "2507"]
[BlackElo "2296"]
[PlyCount "61"]
[EventDate "1999.02.04"]
[EventType "team"]
[EventRounds "11"]
[EventCountry "FRA"]
[SourceTitle "EXT 2001"]
[Source "ChessBase"]
[SourceDate "2000.11.22"]
[SourceVersion "1"]
[SourceVersionDate "2000.11.22"]
[SourceQuality "1"]

1. e4 c5 2. Nf3 e6 3. d4 cxd4 4. Nxd4 Nc6 5. Nc3 Qc7 6. Be2 a6 7. 0-0 b5 8. Nxc6 dxc6 9. f4 e5 10. Qe1 Nf6 11. fxe5 Ng4 12. Bxg4 Bxg4 13. Qg3 Bc5+ 14. Kh1 h5 15. Bf4 Qe7 16. h3 Bd4 17. Rae1 g5 18. Be3 Bxe5 19. Qf2 Be6 20. Bc5 Qb7 21. Bd4 Bxd4 22. Qxd4 Rg8 23. e5 c5 24. Qxc5 Rc8 25. Qd6 Rxc3 26. bxc3 Bxh3 27. Re2 Be6 28. Rd2 Qd7 29. Qb8+ Qc8 30. Qb6 Bg4 31. Qf6 1-0

[Event "Bois Colombes"]
[Site "Bois Colombes"]
[Date "1999.04.29"]
[Round "5"]
[White "Dumitran, Octavian"]
[Black "Guigonis, Dominique"]
[Result "0-1"]
[WhiteElo "2278"]
[BlackElo "2309"]
[PlyCount "84"]
[EventDate "1999.04.??"]
[EventType "tourn"]
[EventRounds "9"]
[EventCountry "FRA"]
[EventCategory "3"]
[SourceTitle "CBM 070 Extra"]
[Source "ChessBase"]
[SourceDate "1999.07.10"]
[SourceVersion "1"]
[SourceVersionDate "1999.07.10"]
[SourceQuality "1"]

1. Nf3 d5 2. e3 e6 3. c4 Nf6 4. d4 Nbd7 5. Nbd2 Ne4 6. Qc2 f5 7. Nxe4 fxe4 8. Nd2 c6 9. f3 Qg5 10. f4 Qh4+ 11. g3 Qg4 12. Be2 Qh3 13. Bf1 Qg4 14. Be2 Qg6 15. Nb3 Nf6 16. Bd2 Bd7 17. 0-0-0 Be7 18. Kb1 b6 19. c5 0-0 20. g4 Rfb8 21. Rc1 Ne8 22. Qd1 Nc7 23. Rc2 Qe8 24. Qc1 Bc8 25. Qg1 Bb7 26. h4 Na6 27. g5 bxc5 28. dxc5 Bc8 29. Qe1 Qf8 30. Na5 Qe8 31. Bxa6 Bxa6 32. Ka1 Bd3 33. Rc1 Rb5 34. Bb4 Rab8 35. a3 Qc8 36. Rc3 Qa6 37. Rxd3 exd3 38. Qc3 Bd8 39. Qe5 Bxa5 40. Qxe6+ Kh8 41. h5 Bxb4 42. h6 Qxa3+ 0-1

[Event "Paris op"]
[Site "Paris"]
[Date "1998.??.??"]
[Round "4"]
[White "Dumitran, Octavian"]
[Black "Petermann, Hubert"]
[Result "0-1"]
[WhiteElo "2265"]
[BlackElo "2130"]
[PlyCount "48"]
[EventDate "1998.07.??"]
[EventType "swiss"]
[EventRounds "9"]
[EventCountry "FRA"]
[SourceTitle "EXT 2000"]
[Source "ChessBase"]
[SourceDate "1999.11.16"]
[SourceVersion "1"]
[SourceVersionDate "1999.11.16"]
[SourceQuality "1"]

1. d4 Nf6 2. c4 g6 3. Nc3 Bg7 4. e4 0-0 5. Be2 d6 6. Nf3 e5 7. Be3 Nc6 8. d5 Ne7 9. Nd2 Ne8 10. b4 f5 11. f3 a5 12. a3 axb4 13. axb4 Rxa1 14. Qxa1 fxe4 15. fxe4 Bd7 16. Qa7 b6 17. Nb5 Nc8 18. Qb7 Bh6 19. Bxh6 Qh4+ 20. g3 Qxh6 21. Nxc7 Qe3 22. Rf1 Bg4 23. Rxf8+ Kxf8 24. Ne6+ Kg8 0-1

[Event "Bucharest"]
[Site "Bucharest"]
[Date "1995.??.??"]
[Round "2"]
[White "Berechet, Otiliu"]
[Black "Dumitran, Octavian"]
[Result "1-0"]
[WhiteElo "2415"]
[BlackElo "2380"]
[PlyCount "56"]
[EventDate "1995.??.??"]
[EventType "tourn"]
[EventRounds "13"]
[EventCountry "ROU"]
[EventCategory "6"]
[SourceTitle "EXT 1998"]
[Source "ChessBase"]
[SourceDate "1997.11.17"]
[SourceVersion "1"]
[SourceVersionDate "1997.11.17"]
[SourceQuality "1"]

1. c4 e5 2. Nc3 Nf6 3. Nf3 Nc6 4. g3 d5 5. cxd5 Nxd5 6. Bg2 Nb6 7. 0-0 Be7 8. a3 Be6 9. b4 a5 10. b5 Nd4 11. Rb1 a4 12. Nxe5 f6 13. Nf3 Bb3 14. Rxb3 Nxb3 15. Nh4 Nxc1 16. Qxc1 Ra7 17. Bh3 g6 18. Ng2 f5 19. e4 fxe4 20. Nf4 0-0 21. Ne6 Qd3 22. Nxf8 Kxf8 23. Re1 Ra8 24. Re3 Qc4 25. Rxe4 Qc5 26. d4 Qg5 27. Rf4+ Ke8 28. Be6 Kd8 1-0

[Event "Bucharest Dreptatea"]
[Site "Bucharest"]
[Date "1995.??.??"]
[Round "4"]
[White "Chernov, Vadim A"]
[Black "Dumitran, Octavian"]
[Result "1/2-1/2"]
[WhiteElo "2350"]
[BlackElo "2380"]
[PlyCount "94"]
[EventDate "1995.??.??"]
[EventType "tourn"]
[EventRounds "13"]
[EventCountry "ROU"]
[EventCategory "5"]
[SourceTitle "EXT 2002"]
[Source "ChessBase"]
[SourceDate "2001.11.25"]
[SourceVersion "1"]
[SourceVersionDate "2001.11.25"]
[SourceQuality "1"]

1. e4 c5 2. g3 Nc6 3. Bg2 g6 4. f4 Bg7 5. d3 d6 6. Nf3 e6 7. 0-0 Nge7 8. c3 0-0 9. Be3 b6 10. Qe2 d5 11. e5 a5 12. Bf2 d4 13. c4 Nf5 14. Na3 Bb7 15. Nb5 Na7 16. g4 Ne3 17. Bxe3 Nxb5 18. Bd2 Nc7 19. Ng5 Bxg2 20. Qxg2 f6 21. exf6 Bxf6 22. Ne4 Qd7 23. f5 gxf5 24. gxf5+ Qg7 25. fxe6 Qxg2+ 26. Kxg2 Be7 27. Bg5 Bxg5 28. Nxg5 h6 29. Nf7 Nxe6 30. Nxh6+ Kh7 31. Nf5 Rf6 32. Rf3 Rg8+ 33. Ng3 Rxf3 34. Kxf3 Rf8+ 35. Ke2 Ng5 36. Re1 Re8+ 37. Kd1 Rxe1+ 38. Kxe1 Nf3+ 39. Ke2 Nxh2 40. Nh5 Ng4 41. Kf3 Ne3 42. Nf6+ Kg6 43. Nd7 Kf5 44. Nxb6 Ke6 45. b3 Nc2 46. Nd5 Ke5 47. Ke2 Nb4 1/2-1/2

[Event "Bucharest"]
[Site "Bucharest"]
[Date "1995.??.??"]
[Round "13"]
[White "Doroshenko, Maxim"]
[Black "Dumitran, Octavian"]
[Result "1-0"]
[WhiteElo "2330"]
[BlackElo "2380"]
[PlyCount "72"]
[EventDate "1995.??.??"]
[EventType "tourn"]
[EventRounds "13"]
[EventCountry "ROU"]
[EventCategory "6"]
[SourceTitle "EXT 1998"]
[Source "ChessBase"]
[SourceDate "1997.11.17"]
[SourceVersion "1"]
[SourceVersionDate "1997.11.17"]
[SourceQuality "1"]

1. d4 Nf6 2. Nf3 d6 3. g3 g6 4. b3 Bg7 5. Bb2 0-0 6. Bg2 c6 7. 0-0 a5 8. Nbd2 a4 9. a3 axb3 10. cxb3 d5 11. Ne5 Ne8 12. b4 Nd6 13. a4 Nd7 14. Qb3 e6 15. Rfc1 f6 16. Nd3 Nb6 17. Nc5 Rf7 18. b5 cxb5 19. axb5 Rxa1 20. Rxa1 Nbc4 21. Nxc4 dxc4 22. Qb4 b6 23. Ne4 Nb7 24. Qxc4 Na5 25. Qd3 f5 26. Nd2 Rc7 27. Bc3 Bb7 28. Bxa5 Qxd4 29. Qxd4 Bxd4 30. Ra4 Rc1+ 31. Nf1 Bxg2 32. Kxg2 Bc5 33. Bd2 Rb1 34. Ra8+ Kf7 35. Ra7+ Ke8 36. Rxh7 Rxb5 1-0